000 00624nam a22001817a 4500
003 CEME
005 20210628202935.0
008 210126b xxu||||| |||| 00| 0 eng d
020 _a0-86341-368-4
040 _c.
082 _a621.384 MOB
100 _aSmyth, Peter
_962433
245 _aMobile and wireless communication : key technologies and future applications
260 _aNEW YORK
_bTHE INSTITUTE OF ELECTRICAL ENGINEERING
_c2004
300 _aXVIII,392 P
650 _aMOBILE COMMUNICATION.WIRELESS COMMUNICATION .OPTICAL RADIO.WIRELESS LANS.BLUETOOTH FUTURE.AD HOC WIRELESS NETWORKS.
_962434
942 _cBK
_2ddc
999 _c571541
_d571541